Retorika sa mabisang pagpapahayag / (Record no. 293400)
[ view plain ]
| 000 -LEADER | |
|---|---|
| fixed length control field | 00641nam a2200229Ia 4500 |
| 008 - FIXED-LENGTH DATA ELEMENTS--GENERAL INFORMATION | |
| fixed length control field | 160418s9999 xx 000 0 und d |
| 020 ## - INTERNATIONAL STANDARD BOOK NUMBER | |
| International Standard Book Number | 971-08-6395-9 |
| 050 ## - LIBRARY OF CONGRESS CALL NUMBER | |
| Classification number | FIL PL 5505 |
| 050 ## - LIBRARY OF CONGRESS CALL NUMBER | |
| Item number | .A77 2003 c.1 |
| 100 ## - MAIN ENTRY--PERSONAL NAME | |
| Personal name | Arrogante, Jose A. |
| 245 ## - TITLE STATEMENT | |
| Title | Retorika sa mabisang pagpapahayag / |
| 245 ## - TITLE STATEMENT | |
| Statement of responsibility, etc | Jose A. Arrogante. |
| 250 ## - EDITION STATEMENT | |
| Edition statement | New Edition |
| 260 ## - PUBLICATION, DISTRIBUTION, ETC. (IMPRINT) | |
| Place of publication, distribution, etc | Mandaluyong: |
| 260 ## - PUBLICATION, DISTRIBUTION, ETC. (IMPRINT) | |
| Name of publisher, distributor, etc | National Book Store, |
| 260 ## - PUBLICATION, DISTRIBUTION, ETC. (IMPRINT) | |
| Date of publication, distribution, etc | 2003 |
| 300 ## - PHYSICAL DESCRIPTION | |
| Extent | 288 pages : |
| 300 ## - PHYSICAL DESCRIPTION | |
| Other physical details | illustrations ; |
| 300 ## - PHYSICAL DESCRIPTION | |
| Dimensions | 22 cm. |
| 500 ## - GENERAL NOTE | |
| General note | Includes bibliographical references. |
| 650 ## - SUBJECT ADDED ENTRY--TOPICAL TERM | |
| Topical term or geographic name as entry element | Filipino language -- Rhetoric -- Study and teaching. |
| Withdrawn status | Lost status | Damaged status | Home library | Current library | Shelving location | Date acquired | Cost, normal purchase price | Total Checkouts | Full call number | Barcode | Date last seen | Price effective from | Koha item type |
|---|---|---|---|---|---|---|---|---|---|---|---|---|---|
| South Mansfield College | South Mansfield College | Filipiniana Section | 03/07/2005 | 265.00 | FIL PL 5505 .A77 2003 c.1 | SMC01547 | 04/18/2016 | 04/18/2016 |